মানব-প্রকৃতির স্বরুপ অন্বেষা / (Record no. 38272)
[ view plain ]
| 000 -LEADER | |
|---|---|
| fixed length control field | 00936nam a22002297a 4500 |
| 001 - CONTROL NUMBER | |
| control field | 38272 |
| 003 - CONTROL NUMBER IDENTIFIER | |
| rucl marc code | BD-RjUL |
| 005 - DATE AND TIME OF LATEST TRANSACTION | |
| control field | 20211209052748.0 |
| 008 - FIXED-LENGTH DATA ELEMENTS--GENERAL INFORMATION | |
| fixed length control field | 151026s1981 bg ||||| |||| 00| 0 ben d |
| 035 ## - SYSTEM CONTROL NUMBER | |
| System control number | (BD-RjUL)38377 |
| 040 ## - CATALOGING SOURCE | |
| Original cataloging agency | BD-RjUL |
| Language of cataloging | ben |
| Transcribing agency | BD-RjUL |
| 041 ## - LANGUAGE CODE | |
| Language code of text/sound track or separate title | ben |
| 082 ## - DEWEY DECIMAL CLASSIFICATION NUMBER | |
| Edition number | 23 |
| Classification number | 121 |
| Author mark and year | HUM 1981 |
| 100 ## - MAIN ENTRY--PERSONAL NAME | |
| Personal name | হিউম, ডেভিড |
| 9 (RLIN) | 118314 |
| 245 ## - TITLE STATEMENT | |
| Title | মানব-প্রকৃতির স্বরুপ অন্বেষা / |
| Statement of responsibility, etc. | ডেভিড হিউম ; অনুবাদক আবু তাহা হাফিজুর রহমান. |
| 260 ## - PUBLICATION, DISTRIBUTION, ETC. (IMPRINT) | |
| Place of publication, distribution, etc. | ঢাকা : |
| Name of publisher, distributor, etc. | বাংলা একাডেমী, |
| Date of publication, distribution, etc. | ১৯৮১. |
| 300 ## - PHYSICAL DESCRIPTION | |
| Pagination | ২৭৪ পৃ. ; |
| Size | ২৪ সেমি. |
| 650 ## - SUBJECT ADDED ENTRY--TOPICAL TERM | |
| Topical term or geographic name as entry element | জ্ঞানের তত্ত্ব |
| 9 (RLIN) | 118315 |
| Topical term or geographic name as entry element | Knowledge, Theory of. |
| 9 (RLIN) | 118316 |
| 700 ## - ADDED ENTRY--PERSONAL NAME | |
| Personal name | রহমান, আবু তাহা হাফিজুর |
| 942 ## - ADDED ENTRY ELEMENTS (KOHA) | |
| Source of classification or shelving scheme | Dewey Decimal Classification |
| Koha item type | Books |
| Lost status | Source of classification or shelving scheme | Damaged status | Not for loan | Collection code | Permanent Location | Current Location | Shelving location | Date acquired | Source of acquisition | Cost, normal purchase price | Total Checkouts | Full call number | Date last seen | Copy number | Koha item type | Date checked out |
|---|---|---|---|---|---|---|---|---|---|---|---|---|---|---|---|---|
| Dewey Decimal Classification | Not For Loan | Non-fiction | Central Library, University of Rajshahi | Central Library, University of Rajshahi | Reading Room | 16/06/1982 | আলীগড় লাইব্রেরী, রাজশাহী | 50.00 | B 121 HUM 1981 | 26/10/2015 | C-1 | Books | ||||
| Dewey Decimal Classification | Non-fiction | Central Library, University of Rajshahi | Central Library, University of Rajshahi | 16/06/1982 | আলীগড় লাইব্রেরী, রাজশাহী | 50.00 | 14 | B 121 HUM 1981 | 12/12/2024 | C-2 | Books | 17/11/2024 | ||||
| Dewey Decimal Classification | Non-fiction | Central Library, University of Rajshahi | Central Library, University of Rajshahi | 07/08/1984 | ইমপিরিয়াল বুকস, রাজশাহী | 50.00 | 2 | B 121 HUM 1981 | 23/09/2024 | C-3 | Books | 12/09/2024 | ||||
| Dewey Decimal Classification | Non-fiction | Central Library, University of Rajshahi | Central Library, University of Rajshahi | 07/08/1984 | ইমপিরিয়াল বুকস, রাজশাহী | 50.00 | 4 | B 121 HUM 1981 | 10/11/2021 | C-4 | Books | 10/03/2020 | ||||
| Dewey Decimal Classification | Non-fiction | Central Library, University of Rajshahi | Central Library, University of Rajshahi | 07/08/1984 | ইমপিরিয়াল বুকস,রাজশাহী | 50.00 | 1 | B 121 HUM 1981 | 05/12/2015 | C-5 | Books | 17/11/2015 | ||||
| Dewey Decimal Classification | Non-fiction | Central Library, University of Rajshahi | Central Library, University of Rajshahi | 07/08/1984 | ইমপিরিয়াল বুকস,রাজশাহী | 50.00 | B 121 HUM 1981 | 26/10/2015 | C-6 | Books | ||||||
| Dewey Decimal Classification | Non-fiction | Central Library, University of Rajshahi | Central Library, University of Rajshahi | 07/08/1984 | ইমপিরিয়াল বুকস,রাজশাহী | 50.00 | 1 | B 121 HUM 1981 | 21/05/2017 | C-7 | Books | 02/05/2017 | ||||
| Dewey Decimal Classification | Non-fiction | Central Library, University of Rajshahi | Central Library, University of Rajshahi | 07/08/1984 | ইমপিরিয়াল বুকস,রাজশাহী | 50.00 | 4 | B 121 HUM 1981 | 20/01/2022 | C-8 | Books | 11/01/2022 | ||||
| Dewey Decimal Classification | Non-fiction | Central Library, University of Rajshahi | Central Library, University of Rajshahi | 07/08/1984 | ইমপিরিয়াল বুকস,রাজশাহী | 50.00 | 2 | B 121 HUM 1981 | 15/11/2018 | C-9 | Books | 19/09/2018 | ||||
| Dewey Decimal Classification | Non-fiction | Central Library, University of Rajshahi | Central Library, University of Rajshahi | 02/01/1985 | বাংলা একাডেমী | 50.00 | B 121 HUM 1981 | 26/10/2015 | C-10 | Books |